History Quiz

Random History or War Quiz

Civil War Battles-Virginia (clickable) Quiz Stats

 Plays Quiz not verified by Sporcle

Score 0/12 Timer 03:00
0 Plays Today
% Correct
1st Bull Run, July 21, 1861
90.6%
2nd Bull Run, August 29–30, 1862
89.9%
Chancellorsville, May 1–4, 1863
86.2%
Fredericksburg, December 11–15, 1862
86.2%
Cold Harbor, May 31 – June 12, 1864
78.9%
Spotsylvania Court House, May 8–21, 1864
78.2%
3rd Petersburg, April 2, 1865
73.5%
The Wilderness, May 5–7, 1864
69.5%
Seven Pines, May 31 – June 1, 1862
66.4%
Malvern Hill, July 1, 1862
58.7%
Cedar Creek, October 19, 1864
58.1%
Opequon, September 19, 1864
37.6%

You're not logged in!

Compare scores with friends on all Sporcle quizzes.
OR
Log In

Show Comments

Extras

Top Quizzes Today


Score Distribution

Your Account Isn't Verified!

In order to create a playlist on Sporcle, you need to verify the email address you used during registration. Go to your Sporcle Settings to finish the process.

Report this User

Report this user for behavior that violates our Community Guidelines.

Details: